Leader xxxxxxxxxx
001 __ PCLIS00050658
005 __ 20210801143746.0
010 0_ |a9789575227975|b電子書|dNT$1950
050 __ |a001991349
100 __ |a20161201d20122008m y0chiy09 e
101 0_ |achi
102 __ |atw
105 __ |aabk z 000cy
135 __ |avrcn 024muuup
200 1_ |a京都之心|b電子資源|f曾郁雯著
204 __ |a電子資源
205 __ |a初版
210 __ |a臺北市|c聯合文學出版|c聯合線上數位發行|d2012
215 0_ |c部分彩圖, 地圖, 表
225 1_ |a繽紛|v128
300 __ |a電子書
300 __ |a技術細節註: EPUB, PDF
320 __ |a附錄: 日本史簡表等3種
681 __ |a855|b8357
700 _1 |a曾|b郁雯|4著
801 _0 |atw|b內湖高中|c20161201|gCCR
856 40 |uhttps://reading.udn.com/udnlib/nhsh/b/34867|zUDN讀書館
|